E-learning in english for students with hearing impairment (Record no. 10604)
[ view plain ]
| 000 -LEADER | |
|---|---|
| fixed length control field | 00895nam a22002297a 4500 |
| 005 - DATE AND TIME OF LATEST TRANSACTION | |
| control field | 20230512223535.0 |
| 008 - FIXED-LENGTH DATA ELEMENTS--GENERAL INFORMATION | |
| fixed length control field | 200130t xxu||||| |||| 00| 0 eng d |
| 040 ## - CATALOGING SOURCE | |
| Transcribing agency | CSPC |
| 090 ## - LOCALLY ASSIGNED LC-TYPE CALL NUMBER (OCLC); LOCAL CALL NUMBER (RLIN) | |
| Classification number (OCLC) (R) ; Classification number, CALL (RLIN) (NR) | UTH BSIT B111e |
| 100 ## - MAIN ENTRY--PERSONAL NAME | |
| Personal name | Baal, Jenny S., |
| Relator term | author. |
| 245 00 - TITLE STATEMENT | |
| Title | E-learning in english for students with hearing impairment |
| Remainder of title | learning module/ |
| Statement of responsibility, etc. | Jenny S. Baal, Peąfrancia E. Relano, Mark Joseph M. Teǫso |
| 260 ## - PUBLICATION, DISTRIBUTION, ETC. | |
| Place of publication, distribution, etc. | Nabua, Camarines Sur : |
| Name of publisher, distributor, etc. | Camarines Sur Polytechnic Colleges ; |
| Date of publication, distribution, etc. | 2018. |
| 300 ## - PHYSICAL DESCRIPTION | |
| Extent | 153 leaves |
| 502 ## - DISSERTATION NOTE | |
| Dissertation note | Undergraduate Thesis (BSIT) - Information Technology |
| Name of granting institution | Camarines Sur Polytechnic Colleges, 2002. |
| 720 ## - ADDED ENTRY--UNCONTROLLED NAME | |
| Name | Benitez, Ian P., |
| Relator term | adviser. |
| 720 ## - ADDED ENTRY--UNCONTROLLED NAME | |
| Name | Silla, Shiela Dona B., |
| Relator term | panelist, chair. |
| 720 ## - ADDED ENTRY--UNCONTROLLED NAME | |
| Name | Ramizares, Maricris L., |
| Relator term | panelist. |
| 720 ## - ADDED ENTRY--UNCONTROLLED NAME | |
| Name | Medrano, Regino III B., |
| Relator term | panelist. |
| 940 ## - EQUIVALENCE OR CROSS-REFERENCE--UNIFORM TITLE [OBSOLETE] [CAN/MARC only] | |
| Uniform title | <a href="Lenie">Lenie</a> |
| 942 ## - ADDED ENTRY ELEMENTS (KOHA) | |
| Koha item type | |
| -- | UTH BSIT B111e 2018 |
No items available.